The forty rules of love / (Record no. 586087)
[ view plain ]
| 000 -LEADER | |
|---|---|
| fixed length control field | 01088cam a2200337 a 4500 |
| 001 - CONTROL NUMBER | |
| control field | 15905309 |
| 003 - CONTROL NUMBER IDENTIFIER | |
| control field | NUST |
| 005 - DATE AND TIME OF LATEST TRANSACTION | |
| control field | 20210804105223.0 |
| 008 - FIXED-LENGTH DATA ELEMENTS--GENERAL INFORMATION | |
| fixed length control field | 090914s2010 nyu b 000 1 eng |
| 010 ## - LIBRARY OF CONGRESS CONTROL NUMBER | |
| LC control number | 2009037525 |
| 020 ## - INTERNATIONAL STANDARD BOOK NUMBER | |
| International Standard Book Number | 9780670021451 |
| 038 ## - RECORD CONTENT LICENSOR | |
| Staff Name | Arshad |
| 040 ## - CATALOGING SOURCE | |
| Original cataloging agency | DLC |
| Transcribing agency | DLC |
| Modifying agency | DLC |
| 050 00 - LIBRARY OF CONGRESS CALL NUMBER | |
| Classification number | PS3619.H328 |
| Item number | F67 2010 |
| 082 00 - DEWEY DECIMAL CLASSIFICATION NUMBER | |
| Classification number | 813.6 |
| Author Mark | SHA |
| 100 1# - MAIN ENTRY--PERSONAL NAME | |
| Personal name | Shafak, Elif, |
| Dates associated with a name | 1971- |
| 9 (RLIN) | 12686 |
| 245 14 - TITLE STATEMENT | |
| Title | The forty rules of love / |
| Statement of responsibility, etc. | Elif Shafak. |
| 260 ## - PUBLICATION, DISTRIBUTION, ETC. | |
| Place of publication, distribution, etc. | New York : |
| Name of publisher, distributor, etc. | Viking, |
| Date of publication, distribution, etc. | 2010. |
| 300 ## - PHYSICAL DESCRIPTION | |
| Extent | 354 p. ; |
| Dimensions | 24 cm. |
| 504 ## - BIBLIOGRAPHY, ETC. NOTE | |
| Bibliography, etc. note | Includes bibliographical references. |
| 563 ## - BINDING INFORMATION | |
| Binding note | PBK |
| 600 00 - SUBJECT ADDED ENTRY--PERSONAL NAME | |
| Personal name | Jalāl al-Dīn Rūmī, |
| Titles and other words associated with a name | Maulana, |
| Dates associated with a name | 1207-1273 |
| Form subdivision | Fiction. |
| 9 (RLIN) | 12687 |
| 650 #0 - SUBJECT ADDED ENTRY--TOPICAL TERM | |
| Topical term or geographic name entry element | Housewives |
| Form subdivision | Fiction. |
| 9 (RLIN) | 12688 |
| 650 #0 - SUBJECT ADDED ENTRY--TOPICAL TERM | |
| Topical term or geographic name entry element | Jewish women |
| Form subdivision | Fiction. |
| 9 (RLIN) | 12689 |
| 650 #0 - SUBJECT ADDED ENTRY--TOPICAL TERM | |
| Topical term or geographic name entry element | Sufis |
| Form subdivision | Fiction. |
| 9 (RLIN) | 12690 |
| 650 #0 - SUBJECT ADDED ENTRY--TOPICAL TERM | |
| Topical term or geographic name entry element | Sufism |
| Form subdivision | Fiction. |
| 9 (RLIN) | 12691 |
| 650 #0 - SUBJECT ADDED ENTRY--TOPICAL TERM | |
| Topical term or geographic name entry element | Mevleviyeh |
| Form subdivision | Fiction. |
| 9 (RLIN) | 12692 |
| 906 ## - LOCAL DATA ELEMENT F, LDF (RLIN) | |
| a | 7 |
| b | cbc |
| c | orignew |
| d | 1 |
| e | ecip |
| f | 20 |
| g | y-gencatlg |
| 942 ## - ADDED ENTRY ELEMENTS (KOHA) | |
| Source of classification or shelving scheme | |
| Koha item type | Book |
| Withdrawn status | Lost status | Source of classification or shelving scheme | Damaged status | Not for loan | Permanent Location | Current Location | Shelving location | Date acquired | Total Checkouts | Total Renewals | Full call number | Barcode | Checked out | Date last seen | Date last checked out | Price effective from | Koha item type |
|---|---|---|---|---|---|---|---|---|---|---|---|---|---|---|---|---|---|
| Central Library (CL) | Central Library (CL) | Fiction | 08/04/2021 | 2 | 1 | 813.6 SHA | CL1462 | 11/22/2025 | 10/23/2025 | 10/23/2025 | 08/04/2021 | Book | |||||
| Central Library (CL) | Central Library (CL) | Fiction | 05/17/2022 | 5 | 4 | 813.6 SHA | CL3262 | 11/04/2024 | 10/02/2024 | 05/17/2022 | Book | ||||||
| Central Library (CL) | Central Library (CL) | Fiction | 06/23/2022 | 7 | 5 | 813.6 SHA | CL3400 | 12/18/2024 | 11/18/2024 | 11/18/2024 | 06/23/2022 | Book |
